00445 a2200109 4500001001000000005001700010008004100027245015400068100002800222773006800250999001700318ART_4388520260410161808.0260409a 10aSociedades simples (Sec. IV, LGS). Adecuación al marco normativo dentro del Régimen Simplificado para pequeños contribuyentes (RS). Monotributo1 aFranzone, María Elena0 tDoctrina Societaria y Concursalg- Nº 358 (sep. 2017)wREV4298 c21185d21185